Регионална библиотека "Любен Каравелов" - Русе

През обектива (Запис номер 103312)

MARC детайли
000 -Лидер
Контролно поле с фиксирана дължина 01625nam a2200373 a 4500
003 - Код на организацията, давaща контролен номер
Контролно поле BLK
005 - Дата и час на последна редакция
Контролно поле 20231220005233.0
008 - Елементи от данни с фиксирана дължина
fixed length control field 180409b bul|||||r ||||||| ||bul||
010 ## - Наследен системен номер
LC control number KNG00108386000
020 ## - Международен стандартен номер на книга ISBN
Международен стандартен номер на книга ISBN 954-446-701-7
040 ## - Източник на каталожния запис
Идентификатор на билиотеката - собственик на записа BLK
041 ## - Код за език
Код за езика на текст/звукозапис или на отделно заглавие Български
Код за езика КДБФ Български
080 ## - УДК
Текстов определител УДК Фотография. Кинематография
УДК код - определител по УДК 77
УДК определител .03/.04(73)(084.121)
УДК - код + определител 77.03/.04(73)(084.121)
139 ## - Редно поле
Редна дума През обектива
Авторски знак Пред - П 86
245 10 - Сведения за заглавието
Заглавие През обектива
Редно поле (дума) прев. Светлана Николаева Комогорова; консултант Иво Михайлов Хаджимишев.
Подзаглавни данни Великите фотографии
257 ## - Страна на издаване
Страна на създаване/издаване България
260 ## - Област на издателските данни
Място на издаване, разпространение и проч. София
Име на издателя, разпространителя и проч. Егмонт България
Година на издаване 2003
300 ## - Физическа характеристика
Страници 504 с.
Илюстрации и др. ил.
Размери/Мащаб 26Х26 см
380 ## - Жанр
Жанр Изкуство
500 ## - Общи забележки
Забележка Кор. През обектива National Geographic великите фотографии. - Съдържа : Есета и фотографии публикувани на страниците на сп. Нешенъл Джеографик.
650 #4 - Допълнително описание по предмет – тема
Основно описание – тема или топоним Фотография - албуми
9 (RLIN) 283734
653 ## - Ключова дума – ненормативна
Ключова дума художествена фотография
653 ## - Ключова дума – ненормативна
Ключова дума фотография
653 ## - Ключова дума – ненормативна
Ключова дума албуми
700 ## - Други автори (авторска отговорност)
Лично име Комогорова, Светлана Николаева
9 (RLIN) 364272
700 1# - Други автори (авторска отговорност)
Лично име Хаджимишев, Иво Михайлов
Автороска отговорност (Описва отношението между автора и произведението) консултант
9 (RLIN) 374762
852 ## - Местоположение
Форматна сигнатура Цб ІІ 27071
856 4# - Електронен адрес и достъп
Електронен формат pdf - файл
856 4# - Електронен адрес и достъп
Електронен формат pdf - файл
999 ## - СИСТЕМНИ КОНТРОЛНИ НОМЕРА
Koha biblionumber 103312
Koha biblioitemnumber 103312
942 ## - АРТИКУЛИ
Вид на библиотечния материал Книги
Скрит в OPAC Не
Периодичен библиозапис Да
944 ## - СЪЗДАВАНЕ И РЕДАКЦИЯ на ЗАПИСА
Създаване/Редакция Създаване
Дата на регистрацията/редакция 20.10.2003
Служител, извършил регистрацията/редакцията
Статус, дата на статуса CRON CRON
944 ## - СЪЗДАВАНЕ И РЕДАКЦИЯ на ЗАПИСА
Създаване/Редакция Редакция
Дата на регистрацията/редакция 30.09.2014
999 ## - СИСТЕМНИ КОНТРОЛНИ НОМЕРА
Koha biblioitemnumber 103312
Наличности
Код за отписване Код за изгубен артикул Източник на класификационната схема Код за повреда Коз за рестрикции Код за отдаване Артикулен № Име на библиотеката - собственик Име на библиотеката, в която се намира в момента Статус (Текущо местоположение) Дата на вписване в системата Местоположение - отдел Цена в лева Инвентарен номер Систематично азбучна сигнатура Баркод Номер на екземпляра Цена в евро Служебна бележка Служебен тип на артикула
  Не е изгубен Universal Decimal Classification Не е повреден без рестрикции заемане за дома 166736 Регионална библиотека "Любен Каравелов" Русе Регионална библиотека "Любен Каравелов" Русе Количка 2003-10-20 Отдел Изкуство - подръчен фонд 59.00 120000679214 77/П 86 120000679214 1 30.17 Дост: Pk Вид: Ф N: 17534 Дата: 16.10.2003 Дата инв: 05.06.2015 Бележки инв: ГрИ2015 Книги
  Не е изгубен Universal Decimal Classification Не е повреден само за читалня ползва се в читалня 166737 Регионална библиотека "Любен Каравелов" Русе Регионална библиотека "Любен Каравелов" Русе Хранилище 2004-10-08 Хранилище 59.00 120000689141 Цб ІІ 27071 120000689141 2 30.17 Дост: Dp Вид: Д N: 48 Дата: 19.11.2003 Книги
Vip Innovations Ltd, Rousse, Bulgaria 2025